| 000 | 00972cam a22001935a 4500 | ||
|---|---|---|---|
| 001 | L141121 | ||
| 008 | 071029s1777 xxk eng u | ||
| 035 | _a(Sirsi) u141121 | ||
| 100 | 1 | _aSkinner | |
| 245 | 0 | 4 | _aThe particulars of a valuable and very desirable freehold estate beautifully sitaute on the banks of the river Thames at Chelsea in the County of Middlesex, consisting of ten substantial brick dwelling houses...which will be sold by auction by Mr Skinner on Tuesday the 1st of July 1777 at Garraway's Coffee House, 'Change Alley, Cornhill...also a leasehold substantial brick dwelling house (no. 9) in Beaufort Street, Chelsea |
| 260 |
_aS.l. _bs.n. _c[1777] |
||
| 300 |
_a2 leaves _c30 x 19 cm. |
||
| 340 | _aPrinted | ||
| 351 | _cSingle item | ||
| 500 | _aItem presented by N. J. Bateman Esq., F.A.I. on 27 November 1963. | ||
| 651 | 4 | _aLondon | |
| 690 | _aPROPERTY-PROPERTY ACQUISITION AND DISPOSAL-ACQUISITION AND DISPOSAL AT AUCTION | ||
| 942 | _n0 | ||
| 999 |
_c116609 _d116609 |
||